Generazioni dei Pokémon - Quiz n°24 - Statistics

Statistiche generali
  • Questo quiz è stato fatto 7 volte
  • Il punteggio medio è 11 su 15
Statistiche sulle risposte
Hint Risposta % Corretto
Kingler Prima
100%
Bulbasaur Prima
100%
Sprigatito Nona
86%
Togetic Seconda
86%
Toucannon Settima
86%
Torkoal Terza
86%
Greavard Nona
71%
Gliscor Quarta
71%
Klinklang Quinta
71%
Corsola Seconda
57%
Aipom Seconda
57%
Drampa Settima
57%
Makuhita Terza
57%
Cradily Terza
57%
Relicanth Terza
57%
Nessun quiz corrispondente trovato
Distribuzione punteggi
Percentuale di utenti per punteggio
Percentile per numero di risposta
I tuoi punteggi nel tempo
Non hai fatto questo quiz